[Event "HUN-chT 2324"]
[Site "Hungary"]
[Date "2023.12.10"]
[Round "3.6"]
[White "Popovic, Dusan"]
[Black "Dudin, Gleb"]
[Result "1-0"]
[WhiteElo "2498"]
[BlackElo "2528"]
[PlyCount "89"]
[EventDate "2023.10.28"]
[EventType "team-tourn"]
[EventRounds "9"]
[EventCountry "HUN"]
[SourceTitle "CB16_2024"]
[SourceDate "2024.04.17"]
[SourceVersion "1"]
[SourceVersionDate "2024.04.17"]
[SourceQuality "1"]
[WhiteTeam "Paks"]
[BlackTeam "Ajka Sentimento"]
[WhiteTeamCountry "HUN"]
[BlackTeamCountry "HUN"]

1. Nf3 c5 2. g3 Nc6 3. Bg2 g6 4. 0-0 Bg7 5. e4 d6 6. c3 e5 7. d3 Nge7 8. a3 0-0 9. b4 a6 10. Be3 b6 11. Qd2 Bg4 12. Ng5 h6 13. h3 Bd7 14. Nf3 Kh7 15. d4 exd4 16. cxd4 f5 17. Nc3 fxe4 18. Nxe4 d5 19. Nd6 cxb4 20. axb4 Qc7 21. b5 Qxd6 22. bxc6 Nxc6 23. Bf4 Qe7 24. Rfe1 Qf7 25. Ne5 Nxe5 26. Bxe5 Bb5 27. Ra3 Rae8 28. Rae3 Bc4 29. f4 a5 30. Bf3 Bxe5 31. fxe5 a4 32. Bd1 b5 33. e6 Qe7 34. Bc2 Qg5 35. h4 Qg4 36. e7 Rf6 37. h5 Kg7 38. Bxg6 Rxg6 39. hxg6 Qxg6 40. Qf2 Qg5 41. Re5 Qg6 42. Re6 Qg5 43. R1e5 Qc1+ 44. Kg2 Bd3 45. Rf6 1-0

[Event "SRB-chT Premier"]
[Site "Bajina Basta"]
[Date "2023.09.24"]
[Round "7.3"]
[White "Pastar, Slaven"]
[Black "Popovic, Dusan"]
[Result "1/2-1/2"]
[WhiteElo "2357"]
[BlackElo "2500"]
[PlyCount "21"]
[EventDate "2023.09.18"]
[EventType "team-tourn"]
[EventRounds "11"]
[EventCountry "SRB"]
[SourceTitle "EXT 2024"]
[Source "ChessBase"]
[SourceDate "2023.10.10"]
[SourceVersion "1"]
[SourceVersionDate "2023.10.10"]
[SourceQuality "1"]
[WhiteTeam "Petrovaradin Kraljica"]
[BlackTeam "Subotica Spartak"]
[WhiteTeamCountry "SRB"]
[BlackTeamCountry "SRB"]

1. d4 Nf6 2. Nf3 g6 3. g3 Bg7 4. Bg2 0-0 5. 0-0 d6 6. c4 Bf5 7. Nh4 Be4 8. Nf3 Bf5 9. Nh4 Be4 10. Nf3 Bf5 11. Nh4 1/2-1/2

[Event "Budapest Vezerkepzo Pentecost GM2"]
[Site "Budapest"]
[Date "2023.05.19"]
[Round "2"]
[White "Popovic, Dusan"]
[Black "Csiki, Endre"]
[Result "1-0"]
[WhiteElo "2502"]
[BlackElo "2384"]
[PlyCount "53"]
[EventDate "2023.05.18"]
[EventType "tourn"]
[EventRounds "9"]
[EventCountry "HUN"]
[EventCategory "6"]
[SourceTitle "CBM 214 Extra"]
[Source "ChessBase"]
[SourceDate "2023.07.31"]
[SourceVersion "1"]
[SourceVersionDate "2023.07.31"]
[SourceQuality "1"]

1. e4 c5 2. Nf3 d6 3. d4 cxd4 4. Nxd4 Nf6 5. Nc3 a6 6. a3 e5 7. Nf5 d5 8. Bg5 d4 9. Bxf6 gxf6 10. Nb1 Qb6 11. Nd2 Qxb2 12. Bc4 h5 13. 0-0 Nc6 14. Bd5 Qc3 15. Rb1 Qc5 16. Qf3 Qc3 17. Qe2 Qc5 18. Nb3 Qb5 19. Qf3 Bxf5 20. Qxf5 Rh6 21. Na5 Ne7 22. Rxb5 Nxf5 23. Rxb7 Nd6 24. Bc6+ Kd8 25. Rd7+ Kc8 26. Rxd6 Bxd6 27. Bxa8 1-0

[Event "Bundesliga 2223"]
[Site "Germany"]
[Date "2023.04.30"]
[Round "15.5"]
[White "Popovic, Dusan"]
[Black "Zilka, Stepan"]
[Result "0-1"]
[WhiteElo "2486"]
[BlackElo "2594"]
[PlyCount "102"]
[EventDate "2022.10.21"]
[EventType "team-tourn"]
[EventRounds "15"]
[EventCountry "GER"]
[SourceTitle "CBM 213 Extra"]
[Source "ChessBase"]
[SourceDate "2023.05.31"]
[SourceVersion "1"]
[SourceVersionDate "2023.05.31"]
[SourceQuality "1"]
[WhiteTeam "Deggendorf"]
[BlackTeam "Deizisau"]
[WhiteTeamCountry "GER"]
[BlackTeamCountry "GER"]

1. e4 c5 2. d3 Nc6 3. g3 g6 4. Bg2 Bg7 5. f4 d6 6. Nf3 e6 7. 0-0 Nge7 8. c3 b5 9. Be3 Rb8 10. d4 d5 11. e5 c4 12. a3 a5 13. Nbd2 b4 14. axb4 axb4 15. Bf2 Bd7 16. g4 h5 17. h3 bxc3 18. bxc3 Na5 19. Bh4 hxg4 20. hxg4 Nb3 21. Ra2 Qb6 22. Kf2 Rxh4 23. Nxh4 g5 24. Nhf3 gxf4 25. Rh1 Nc6 26. Rh5 Kf8 27. Qh1 Be8 28. Rh8+ Ke7 29. Qh4+ Kd7 30. Rh7 Bxe5 31. Nxe5+ Nxe5 32. Kg1 Nxd2 33. Rxd2 Qb1+ 34. Kh2 Nxg4+ 35. Kh3 Rb3 36. Kxg4 Qf5+ 37. Kf3 Qe4+ 38. Kg4 f3+ 39. Kg3 Qe1+ 40. Rf2 Rb2 41. Kxf3 Rxf2+ 42. Qxf2 Qe4+ 43. Kg3 Qg6+ 44. Kh2 Qxh7+ 45. Bh3 Ke7 46. Qg3 Bd7 47. Qg5+ Ke8 48. Qg3 Qc2+ 49. Kg1 Qg6 50. Kf2 Qxg3+ 51. Kxg3 e5 0-1

[Event "HUN-chT 2223"]
[Site "Hungary"]
[Date "2023.01.15"]
[Round "7.8"]
[White "Krizsany, Laszlo"]
[Black "Popovic, Dusan"]
[Result "0-1"]
[WhiteElo "2371"]
[BlackElo "2494"]
[PlyCount "86"]
[EventDate "2022.11.20"]
[EventType "team-tourn"]
[EventRounds "9"]
[EventCountry "HUN"]
[SourceTitle "CBM 213 Extra"]
[Source "ChessBase"]
[SourceDate "2023.05.31"]
[SourceVersion "1"]
[SourceVersionDate "2023.05.31"]
[SourceQuality "1"]
[WhiteTeam "Kobanya Aquarena"]
[BlackTeam "Paks"]
[WhiteTeamCountry "HUN"]
[BlackTeamCountry "HUN"]

1. d4 Nf6 2. c4 g6 3. Nc3 Bg7 4. e4 d6 5. Be2 0-0 6. Bg5 Na6 7. Qd2 e5 8. d5 c6 9. f3 cxd5 10. cxd5 Bd7 11. g4 h6 12. Be3 h5 13. h3 Qe8 14. 0-0-0 b5 15. Kb1 Qb8 16. Rc1 Qb7 17. g5 Ne8 18. h4 Nec7 19. Nd1 b4 20. Bd3 Nb5 21. Ne2 Rfc8 22. Nf2 b3 23. a3 Nd4 24. Bxd4 exd4 25. Bxa6 Qxa6 26. Nd3 Bb5 27. Nb4 Qb6 28. Nc6 Bxc6 29. dxc6 Rxc6 30. Rxc6 Qxc6 31. Rc1 Qa6 32. Nxd4 Bxd4 33. Qxd4 Rc8 34. Rxc8+ Qxc8 35. Qd3 Qh3 36. Qxb3 Qxh4 37. Qb8+ Kh7 38. Qxa7 Qf4 39. a4 h4 40. Qe7 h3 41. Qf8 Qxf3 42. Ka2 d5 43. e5 d4 0-1

[Event "HUN-chT 2223"]
[Site "Hungary"]
[Date "2022.12.04"]
[Round "2.7"]
[White "Popovic, Dusan"]
[Black "Szalai, Kornel"]
[Result "1-0"]
[WhiteElo "2494"]
[BlackElo "2385"]
[PlyCount "73"]
[EventDate "2022.11.20"]
[EventType "team-tourn"]
[EventRounds "9"]
[EventCountry "HUN"]
[SourceTitle "CBM 211 Extra"]
[Source "ChessBase"]
[SourceDate "2023.01.31"]
[SourceVersion "1"]
[SourceVersionDate "2023.01.31"]
[SourceQuality "1"]
[WhiteTeam "Paks"]
[BlackTeam "Mako Duocor"]
[WhiteTeamCountry "HUN"]
[BlackTeamCountry "HUN"]

1. e4 c5 2. Nf3 g6 3. c3 d5 4. e5 Nc6 5. d4 Bg4 6. Nbd2 cxd4 7. cxd4 Qa5 8. Qb3 Qb4 9. Bb5 Qxb3 10. Nxb3 Rc8 11. Nc5 b6 12. Na6 Bd7 13. a4 Na5 14. Bd2 Nb3 15. Ra3 Nxd2 16. Kxd2 Bh6+ 17. Kd3 e6 18. Rc3 Ne7 19. Rxc8+ Nxc8 20. h4 Ne7 21. h5 gxh5 22. Rxh5 Bg7 23. Rh1 Bxb5+ 24. axb5 0-0 25. Rc1 Rc8 26. Rxc8+ Nxc8 27. Nb8 Kf8 28. Nc6 Ke8 29. Ng5 h6 30. Nh7 Kd7 31. g4 Kc7 32. f4 a6 33. f5 axb5 34. Nb4 Kd7 35. f6 Bh8 36. g5 hxg5 37. Nxg5 1-0

[Event "Bundesliga 2223"]
[Site "Germany"]
[Date "2022.11.27"]
[Round "4.6"]
[White "Popovic, Dusan"]
[Black "Vrolijk, Liam"]
[Result "1/2-1/2"]
[WhiteElo "2486"]
[BlackElo "2483"]
[PlyCount "60"]
[EventDate "2022.10.21"]
[EventType "team-tourn"]
[EventRounds "15"]
[EventCountry "GER"]
[SourceTitle "CBM 211"]
[Source "ChessBase"]
[SourceDate "2022.12.31"]
[SourceVersion "1"]
[SourceVersionDate "2022.12.31"]
[SourceQuality "1"]
[WhiteTeam "Deggendorf"]
[BlackTeam "Muelheim Nord"]
[WhiteTeamCountry "GER"]
[BlackTeamCountry "GER"]

1. e4 e5 2. Nf3 Nc6 3. g3 d5 4. exd5 Qxd5 5. Nc3 Qd6 6. Bg2 Bg4 7. h3 Bh5 8. g4 Bg6 9. Nh4 0-0-0 10. d3 Nd4 11. Be3 Ne7 12. Ne4 Bxe4 13. Bxe4 Nd5 14. c3 Nxe3 15. fxe3 Be7 16. Nf5 Nxf5 17. Bxf5+ Kb8 18. Qf3 Bh4+ 19. Kd2 g6 20. Be4 Rhf8 21. Kc2 f5 22. gxf5 gxf5 23. Bxf5 Qxd3+ 24. Bxd3 Rxf3 25. Raf1 Rxe3 26. Bxh7 Re2+ 27. Kb1 a5 28. Rd1 Rxd1+ 29. Rxd1 Re1 30. Rxe1 Bxe1 1/2-1/2

[Event "Belgrade Vucicevic Memorial"]
[Site "Belgrade"]
[Date "2022.11.11"]
[Round "1"]
[White "Mijatovic, Dusan"]
[Black "Popovic, Dusan"]
[Result "0-1"]
[WhiteElo "2213"]
[BlackElo "2494"]
[PlyCount "86"]
[EventDate "2022.11.11"]
[EventType "swiss (blitz)"]
[EventRounds "13"]
[EventCountry "SRB"]
[SourceTitle "EXT 2024"]
[Source "ChessBase"]
[SourceDate "2023.10.10"]
[SourceVersion "1"]
[SourceVersionDate "2023.10.10"]
[SourceQuality "1"]

1. e4 g6 2. d4 Bg7 3. Nc3 c6 4. Nf3 d5 5. h3 dxe4 6. Nxe4 Nf6 7. Nxf6+ exf6 8. Bc4 0-0 9. 0-0 a5 10. a4 Na6 11. c3 Nc7 12. Re1 Nd5 13. Bd2 Be6 14. Bf1 Qd7 15. Qc1 Rfe8 16. Bh6 g5 17. Bxg7 Kxg7 18. Nd2 Nf4 19. Ne4 Bf5 20. Ng3 Bg6 21. Qd2 h5 22. Rxe8 Rxe8 23. Ne2 Nd5 24. Nc1 h4 25. Bd3 Nf4 26. Bxg6 fxg6 27. Qd1 Qf5 28. Ra3 Qb1 29. Rb3 Qxc1 30. Rxb7+ Kh6 31. Qxc1 Ne2+ 32. Kh2 Nxc1 33. Ra7 Nb3 34. Rc7 Re2 35. Rxc6 Rxf2 36. Rb6 Nd2 37. Kg1 Rf1+ 38. Kh2 Rd1 39. b4 f5 40. bxa5 g4 41. g3 Nf3+ 42. Kg2 Rd2+ 43. Kf1 hxg3 0-1

[Event "Belgrade Vucicevic Memorial"]
[Site "Belgrade"]
[Date "2022.11.11"]
[Round "3"]
[White "Milosevic, Milos"]
[Black "Popovic, Dusan"]
[Result "0-1"]
[WhiteElo "2377"]
[BlackElo "2494"]
[PlyCount "68"]
[EventDate "2022.11.11"]
[EventType "swiss (blitz)"]
[EventRounds "13"]
[EventCountry "SRB"]
[SourceTitle "EXT 2024"]
[Source "ChessBase"]
[SourceDate "2023.10.10"]
[SourceVersion "1"]
[SourceVersionDate "2023.10.10"]
[SourceQuality "1"]

1. e4 g6 2. d4 Bg7 3. Nc3 c6 4. h3 d5 5. e5 f6 6. f4 Nh6 7. g4 Nf7 8. Be3 Qb6 9. Qd2 Qxb2 10. Rb1 Qa3 11. Nf3 f5 12. Rg1 Na6 13. Nh4 Nh6 14. gxf5 Nxf5 15. Nxf5 Bxf5 16. Rxb7 Nb4 17. Bd3 Nxd3+ 18. cxd3 0-0 19. Rb3 Qa5 20. h4 Rab8 21. h5 Rxb3 22. axb3 Qa6 23. hxg6 hxg6 24. Na4 Kf7 25. Nc5 Qc8 26. Qa5 Rh8 27. Kd2 Rh2+ 28. Kc3 Rh3 29. Bd2 Qb8 30. Ra1 Qh8 31. Qxa7 Qh5 32. Qc7 Bxd3 33. Ra7 Bf8 34. Qd7 Bf5+ 0-1

[Event "Belgrade Vucicevic Memorial"]
[Site "Belgrade"]
[Date "2022.11.11"]
[Round "2"]
[White "Popovic, Dusan"]
[Black "Jovanovski, Slobodan"]
[Result "1-0"]
[WhiteElo "2494"]
[BlackElo "2207"]
[PlyCount "108"]
[EventDate "2022.11.11"]
[EventType "swiss (blitz)"]
[EventRounds "13"]
[EventCountry "SRB"]
[SourceTitle "EXT 2024"]
[Source "ChessBase"]
[SourceDate "2023.10.10"]
[SourceVersion "1"]
[SourceVersionDate "2023.10.10"]
[SourceQuality "1"]

1. e4 e6 2. d4 d5 3. Nd2 c5 4. Ngf3 Nc6 5. Bb5 cxd4 6. Nxd4 Bd7 7. Nxc6 bxc6 8. Bd3 Bd6 9. Qe2 Ne7 10. e5 Bc7 11. Nf3 h6 12. 0-0 c5 13. c3 0-0 14. Be3 c4 15. Bc2 Bb6 16. Nd4 Nc6 17. Nxc6 Bxc6 18. Rad1 f5 19. exf6 Qxf6 20. Rfe1 Rae8 21. Bb1 e5 22. Qc2 e4 23. Bxb6 axb6 24. Re3 Re5 25. Qd2 Rf5 26. Rf1 Rf4 27. Bc2 Kh8 28. Bd1 b5 29. Rg3 Qe5 30. Qe3 R8f6 31. Be2 Kh7 32. Qc5 Qd6 33. Qd4 Rg6 34. Rxg6 Qxg6 35. g3 Rf6 36. Re1 Qg5 37. Bf1 Bd7 38. Rd1 Be6 39. b3 Bf7 40. bxc4 bxc4 41. Be2 Rf5 42. a4 Bh5 43. Qd2 Bxe2 44. Qxe2 Rf3 45. a5 Rd3 46. Ra1 Qe7 47. a6 Qa7 48. Qb2 e3 49. fxe3 Qxe3+ 50. Qf2 Qg5 51. a7 Rd2 52. Qf3 Rd3 53. Qf4 Qh5 54. a8Q Rf3 1-0

[Event "Prague op"]
[Site "Prague"]
[Date "2022.06.13"]
[Round "5"]
[White "Czerw, Dawid"]
[Black "Popovic, Dusan"]
[Result "1/2-1/2"]
[WhiteElo "2386"]
[BlackElo "2484"]
[PlyCount "179"]
[EventDate "2022.06.10"]
[EventType "swiss"]
[EventRounds "9"]
[EventCountry "CZE"]
[SourceTitle "CBM 208 Extra"]
[Source "ChessBase"]
[SourceDate "2022.07.31"]
[SourceVersion "1"]
[SourceVersionDate "2022.07.31"]
[SourceQuality "1"]

1. e4 c5 2. Nf3 d6 3. Bb5+ Bd7 4. c4 Nf6 5. Nc3 g6 6. d4 cxd4 7. Nxd4 Bg7 8. 0-0 0-0 9. h3 a6 10. Bxd7 Qxd7 11. Be3 Nc6 12. a4 e6 13. Rc1 Rfd8 14. Nf3 Qc7 15. Re1 Nd7 16. Bg5 Re8 17. Bf4 Nde5 18. Nxe5 dxe5 19. Be3 Red8 20. Qb3 Nd4 21. Qa2 Rac8 22. Ne2 Bf8 23. Nxd4 exd4 24. Bd2 d3 25. a5 Bd6 26. b3 Bf4 27. Rcd1 Rd4 28. Bxf4 Qxf4 29. Qd2 Qd6 30. Re3 Rd8 31. e5 Qc6 32. Qc3 d2 33. Qb4 Qc7 34. Re2 Qd7 35. Kf1 Rd3 36. Re4 Rxh3 37. Rxd2 Rd3 38. Rxd3 Qxd3+ 39. Re2 Qb1+ 40. Re1 Rd1 41. g3 Rxe1+ 42. Qxe1 Qxb3 43. Qe4 Qd1+ 44. Kg2 Qd7 45. Kg1 Qc6 46. Qd4 Qf3 47. Qd7 Kg7 48. Qe7 h6 49. Qd8 g5 50. Qe7 Kg6 51. Qd7 Qe4 52. c5 Qf3 53. Qd8 Kg7 54. Qe7 Kg6 55. Qd8 Kh5 56. Qd4 Qd5 57. Qb4 Kg6 58. Qb1+ Kg7 59. Qb6 Qd1+ 60. Kg2 Qd5+ 61. Kg1 h5 62. Qc7 h4 63. Qe7 Qxe5 64. gxh4 Qe1+ 65. Kg2 Qe4+ 66. f3 Qe2+ 67. Kg1 Qe1+ 68. Kg2 Qe2+ 69. Kg1 Qxf3 70. Qxg5+ Kh7 71. Qe7 Qd1+ 72. Kh2 Qf3 73. Kg1 Qg4+ 74. Kh2 Qf4+ 75. Kg1 Qf5 76. Kh2 Qe5+ 77. Kh3 Qc3+ 78. Kh2 Qc2+ 79. Kh3 Qb3+ 80. Kh2 Qa2+ 81. Kh3 Qb3+ 82. Kh2 Qc2+ 83. Kh3 Qf5+ 84. Kh2 Qf2+ 85. Kh3 Qf3+ 86. Kh2 Kg8 87. Qg5+ Kh8 88. Qh6+ Kg8 89. Qg5+ Kh7 90. Qe7 1/2-1/2

[Event "BL2-Ost 2122"]
[Site "Germany"]
[Date "2022.05.15"]
[Round "6.5"]
[White "Popovic, Dusan"]
[Black "Goldbeck, Lars"]
[Result "1-0"]
[WhiteElo "2484"]
[BlackElo "2212"]
[PlyCount "49"]
[EventDate "2022.03.05"]
[EventType "team-tourn"]
[EventRounds "10"]
[EventCountry "GER"]
[SourceTitle "EXT 2023"]
[Source "ChessBase"]
[SourceDate "2022.10.05"]
[SourceVersion "1"]
[SourceVersionDate "2022.10.05"]
[SourceQuality "1"]
[WhiteTeam "Deggendorf"]
[BlackTeam "Regensburg Bavaria"]
[WhiteTeamCountry "GER"]
[BlackTeamCountry "GER"]

1. Nf3 d5 2. g3 Nf6 3. Bg2 e6 4. 0-0 c5 5. c4 d4 6. e3 Nc6 7. d3 h6 8. exd4 cxd4 9. Bf4 Bd6 10. Bxd6 Qxd6 11. Nbd2 0-0 12. a3 a5 13. Qc2 e5 14. c5 Qe7 15. Rfe1 Re8 16. Rac1 Bf5 17. Qb1 Qc7 18. Nc4 Bh7 19. Nd6 Re7 20. b4 axb4 21. axb4 Ra4 22. b5 Rb4 23. Qa1 Nd8 24. Qa3 Nd5 25. Nxe5 1-0

[Event "BL2-Ost 2122"]
[Site "Germany"]
[Date "2022.03.05"]
[Round "1.5"]
[White "Popovic, Dusan"]
[Black "Kindermann, Stefan"]
[Result "1/2-1/2"]
[WhiteElo "2484"]
[BlackElo "2469"]
[PlyCount "35"]
[EventDate "2022.03.05"]
[EventType "team-tourn"]
[EventRounds "10"]
[EventCountry "GER"]
[SourceTitle "EXT 2023"]
[Source "ChessBase"]
[SourceDate "2022.10.05"]
[SourceVersion "1"]
[SourceVersionDate "2022.10.05"]
[SourceQuality "1"]
[WhiteTeam "Deggendorf"]
[BlackTeam "Muenchen Zugzwang"]
[WhiteTeamCountry "GER"]
[BlackTeamCountry "GER"]

1. Nf3 d5 2. g3 c5 3. Bg2 Nc6 4. 0-0 e5 5. d3 Be7 6. Nc3 d4 7. Ne4 Nf6 8. Nxf6+ Bxf6 9. e3 0-0 10. e4 Be6 11. Nd2 Be7 12. f4 exf4 13. gxf4 f5 14. exf5 Bxf5 15. Nc4 Be6 16. Bd2 Bd5 17. Bxd5+ Qxd5 18. Qf3 1/2-1/2

[Event "HUN-chT 2122"]
[Site "Hungary"]
[Date "2022.02.27"]
[Round "7.7"]
[White "Popovic, Dusan"]
[Black "Szalai, Kornel"]
[Result "1/2-1/2"]
[WhiteElo "2469"]
[BlackElo "2382"]
[PlyCount "99"]
[EventDate "2021.10.10"]
[EventType "team-tourn"]
[EventRounds "9"]
[EventCountry "HUN"]
[SourceTitle "EXT 2023"]
[Source "ChessBase"]
[SourceDate "2022.10.05"]
[SourceVersion "1"]
[SourceVersionDate "2022.10.05"]
[SourceQuality "1"]
[WhiteTeam "Paks"]
[BlackTeam "Mako Duocor"]
[WhiteTeamCountry "HUN"]
[BlackTeamCountry "HUN"]

1. e4 c5 2. d3 g6 3. g3 Bg7 4. Bg2 Nc6 5. f4 e6 6. Nf3 Nge7 7. 0-0 0-0 8. c3 d5 9. e5 f6 10. exf6 Bxf6 11. Qe2 Nf5 12. Na3 Bd7 13. Bd2 Qb6 14. Rab1 Rae8 15. Ne5 Nxe5 16. fxe5 Be7 17. g4 Ng7 18. Be3 Rxf1+ 19. Rxf1 Rf8 20. Rxf8+ Bxf8 21. c4 Bc6 22. Bg5 Qc7 23. Nb1 Ne8 24. Nc3 Qd7 25. cxd5 exd5 26. e6 Qd6 27. Bh4 h6 28. Bg3 Qd8 29. Nxd5 Bxd5 30. e7 Bxe7 31. Bxd5+ Qxd5 32. Qxe7 Qd4+ 33. Kg2 Qd5+ 34. Kg1 Qd4+ 35. Kg2 Qd5+ 36. Kh3 Qf7 37. Qxf7+ Kxf7 38. Bb8 Ke6 39. Bxa7 Kd5 40. Kg3 Nf6 41. Bb6 Nd7 42. Ba5 Ne5 43. Bd2 Nxd3 44. b3 Nb4 45. Bxh6 Nxa2 46. Bd2 Ke5 47. h4 b5 48. h5 gxh5 49. gxh5 c4 50. bxc4 1/2-1/2